Introduction to logic / (Record no. 1473)

MARC details
000 -LEADER
fixed length control field 00592nam a2200205 a 4500
003 - CONTROL NUMBER IDENTIFIER
control field BD-DhJNU
005 - DATE AND TIME OF LATEST TRANSACTION
control field 20250312040137.0
008 - FIXED-LENGTH DATA ELEMENTS--GENERAL INFORMATION
fixed length control field 091027s2007 De a g b000 u eng u
020 ## - INTERNATIONAL STANDARD BOOK NUMBER
International Standard Book Number 9788120324961
040 ## - CATALOGING SOURCE
Original cataloging agency BD-DhJNU
Language of cataloging ENG
Transcribing agency BD-DhJNU
Modifying agency BD-DhJNU
082 14 - DEWEY DECIMAL CLASSIFICATION NUMBER
Classification number 160 COI
Edition number 23
100 1# - MAIN ENTRY--PERSONAL NAME
Personal name Copi, Irving M.
245 10 - TITLE STATEMENT
Title Introduction to logic /
Statement of responsibility, etc. Irving M. Copi and Carl Cohen
250 ## - EDITION STATEMENT
Edition statement 7th ed.
260 ## - PUBLICATION, DISTRIBUTION, ETC.
Place of publication, distribution, etc. New Delhi :
Name of publisher, distributor, etc. Prentice Hall of India,
Date of publication, distribution, etc. 2007.
300 ## - PHYSICAL DESCRIPTION
Extent 647 p. :
Other physical details Figures;
Dimensions 25 cm .
504 ## - BIBLIOGRAPHY, ETC. NOTE
Bibliography, etc. note Includes index and glossary
700 1# - ADDED ENTRY--PERSONAL NAME
Personal name Cohen, Carl
942 ## - ADDED ENTRY ELEMENTS (KOHA)
Koha item type Books
Holdings
Withdrawn status Lost status Source of classification or shelving scheme Damaged status Not for loan Collection Home library Current library Shelving location Date acquired Source of acquisition Total checkouts Full call number Barcode Date last seen Copy number Price effective from Koha item type
    Dewey Decimal Classification     Non-fiction Jagannath University Central Library Jagannath University Central Library General stacks 03/12/2025 Purchased   160 COI JNUCL17989 03/12/2025 1 03/12/2025 Books
    Dewey Decimal Classification     Non-fiction Jagannath University Central Library Jagannath University Central Library General stacks 03/12/2025 Purchased   160 COI JNUCL17990 03/12/2025 2 03/12/2025 Books